[Event "Kandidatklassen"]
[Site "DM2013"]
[Round "5"]
[White "Henrik E. Bruun"]
[Black "Jacob Høyer"]
[Result "0-1"]
[Date "30.03.2013"]
[WhiteElo "2047"]
[BlackElo "2154"]
[Input "DGT5655"]
[Board "game_10"]

1.e4 c5 2.Nf3 Nc6 3.d4 cxd4 4.Nxd4 Nf6 5.Nc3 e5 6.Nf5 d5 7.exd5 Bxf5 8.
dxc6 bxc6 9.Qf3 Qd7 10.Bg5 e4 11.Qe2 Be7 12.Rd1 Qe6 13.Qc4 Rb8 14.Qxe6 
Bxe6 15.b3 Bb4 16.Bd2 O-O 17.Na4 Rfd8 18.c3 Be7 19.Be2 Bg4 20.h3 Bxe2 21.
Kxe2 Nd5 22.c4 Nb4 23.Bxb4 Bxb4 24.Rxd8+ Rxd8 25.Rd1 Rxd1 26.Kxd1 f5 27.
Ke2 Kf7 28.Nb2 Ke6 29.Nd1 f4 30.f3 Ke5 31.Nf2 exf3+ 32.Kxf3 Bd2 33.Ke2 Be3
34.Nd1 Kd4 35.Nb2 g5 36.Na4 h5 37.Kd1 g4 38.hxg4 hxg4 39.Ke2 Bc1 40.Kf2 
Kd3 41.Nc5+ Kc2 42.Ke2 Be3 43.Nd3 Kb1 44.g3 Kxa2 45.gxf4 Bxf4 46.Nxf4 Kxb3
47.Nd3 a5 48.Ne5 a4 49.Nxc6 a3 50.Kd2 a2 51.Nd4+ Kxc4 52.Nc2 g3 53.Ne3+ 
Kc5 54.Nc2 g2 0-1

[Event "Kandidatklassen"]
[Site "DM2013"]
[Round "5"]
[White "Martin Haubro"]
[Black "Jesper Søndergaard Thybo"]
[Result "1-0"]
[Date "30.03.2013"]
[WhiteElo "2186"]
[BlackElo "2062"]
[Input "DGT5655"]
[Board "game_10"]

1.e4 c5 2.Nf3 d6 3.d4 cxd4 4.Nxd4 Nf6 5.Nc3 a6 6.Bg5 Nbd7 7.f4 Qc7 8.Qf3 
h6 9.Bxf6 Nxf6 10.f5 g6 11.fxg6 fxg6 12.Qg3 Kf7 13.e5 Qc5 14.Bd3 Qxe5+ 15.
Qxe5 dxe5 16.Nf3 Nd7 17.Rf1 Kg7 18.Nh4 e4 19.Bxe4 Ne5 20.O-O-O e6 21.Nf3 
Nc4 22.Bxb7 Bxb7 23.Rd7+ Kg8 24.Rxb7 Rh7 25.Rxh7 Kxh7 26.Rd1 Bd6 27.Rd4 
Rc8 28.Nd2 Nxd2 29.Rxd6 Nf1 30.Rxa6 1-0

[Event "Kandidatklassen"]
[Site "DM2013"]
[Round "5"]
[White "Jan Nordenbæk Pedersen"]
[Black "Thomas Schou-Moldt"]
[Result "1-0"]
[Date "30.03.2013"]
[WhiteElo "2255"]
[BlackElo "2229"]
[Input "DGT5654"]
[Board "game_9"]

1.d4 g6 2.Nc3 d6 3.Bf4 Nd7 4.Qd2 c6 5.O-O-O Bg7 6.e4 Qa5 7.Kb1 e5 8.Nb5 
Qxd2 9.Nxd6+ Ke7 10.Nxc8+ Rxc8 11.Bxd2 exd4 12.Bg5+ f6 13.Bh4 c5 14.f4 Nb6
15.Nf3 Kf7 16.Be1 Bf8 17.c3 dxc3 18.Bxc3 Bg7 19.a4 Ne7 20.a5 Na8 21.Bc4+ 
Kf8 22.Be6 Re8 23.Rd7 f5 24.e5 h6 25.Rxb7 Rh7 26.Rd1 Bh8 27.Rdd7 Rg7 28.
Rxa7 g5 29.fxg5 hxg5 30.h4 gxh4 31.Nxh4 Rh7 32.Rxe7 Rexe7 33.Ng6+ Ke8 34.
Rxa8# 1-0[Site "DM2013"]
[Round "5"]
[White "Mogens Thuesen"]
[Black "Mads Hansen"]
[Result "1-0"]
[Date "30.03.2013"]
[WhiteElo "2261"]
[BlackElo "2309"]
[Input "DGT1181"]
[Board "game_8"]

1.f4 e5 2.fxe5 d6 3.Nf3 Nc6 4.Nc3 dxe5 5.e4 Bc5 6.Bb5 Ne7 7.d3 O-O 8.Bxc6 
Nxc6 9.Na4 Be7 10.Be3 Bg4 11.c3 b6 12.O-O Qd7 13.b4 a5 14.a3 f5 15.b5 Na7 
16.Qb3+ Kh8 17.Nxe5 Qxb5 18.Nf7+ Rxf7 19.Qxf7 Bf6 20.h3 Qxd3 21.Rae1 Be2 
22.Rf2 Qxe3 23.Rxe2 Qc1+ 24.Rf1 Qxa3 25.e5 Rf8 26.Qxc7 Qe7 27.Qxb6 Bh4 28.
Qxa5 g6 29.Qb4 Nc6 30.Qd6 Rc8 31.Qxe7 Bxe7 32.Kh1 Kg7 33.Rd1 Nd8 34.Nb6 
Rc7 35.Rd7 Rxd7 36.Nxd7 Kf7 37.Nb8 Ke6 38.c4 Nf7 39.Nc6 Bc5 40.Rd2 Be3 41.
Nd8+ Ke7 42.Re2 Nxd8 43.Rxe3 Nc6 44.c5 Ke6 45.Rd3 Nxe5 46.Rd6+ Ke7 47.Kg1 
h5 48.h4 Nd7 49.Rxg6 Nxc5 50.Rh6 Ne4 51.Rxh5 Kf6 52.Rh6+ Ke5 53.Ra6 Ng3 
54.Kh2 Nh5 55.g4 Ng7 56.h5 Ne6 57.Rxe6+ Kxe6 58.g5 1-0

[Event "DM2013"]
[Site "DM2013"]
[Date "31.12.29"]
[Round "5"]
[White "Jens Østergaard"]
[Black "Peter Thorsbro"]
[Result "0-1"]
[WhiteElo "2273"]
[BlackElo "2226"]
[PlyCount "151"]
[EventDate "31.??.??"]

1. d4 d5 2. Nf3 e6 3. c4 Nf6 4. Nc3 Be7 5. Bg5 O-O 6. e3 h6 7. Bxf6 Bxf6 8. Rc1
c6 9. Bd3 Nd7 10. O-O dxc4 11. Bxc4 e5 12. h3 exd4 13. exd4 Nb6 14. Bb3 Bf5 15.
Re1 Bg5 16. Ra1 Bf4 17. Ne5 a5 18. Nxf7 Rxf7 19. Qf3 Qg5 20. h4 Qg4 21. Qxg4
Bxg4 22. Re4 g5 23. hxg5 hxg5 24. g3 Bf3 25. Rae1 Bxe4 26. Rxe4 Bd2 27. Re7
Raf8 28. Rxf7 Rxf7 29. Ne4 Bc1 30. Bxf7+ Kxf7 31. Nd6+ Ke6 32. Nxb7 a4 33. Nc5+
Kd5 34. Nd3 Bd2 35. Kf1 Kxd4 36. Ke2 Ba5 37. b4 axb3 38. axb3 Nd5 39. Nb2 Kc3
40. Nc4 Bc7 41. Nd2 Kc2 42. Nf3 Kxb3 43. Nd4+ Kc4 44. Nxc6 Kc5 45. Na7 Kb6 46.
Kf3 Kxa7 47. Kg4 Bd8 48. f4 gxf4 49. gxf4 Kb6 50. Kf3 Nf6 51. f5 Bc7 52. Ke3
Kc5 53. Kf3 Kd4 54. Ke2 Ke4 55. Kf2 Bb6+ 56. Kg2 Kf4 57. Kf1 Kxf5 58. Ke2 Ke4
59. Kf1 Ke3 60. Kg2 Bc7 61. Kf1 Ng4 62. Kg2 Bf4 63. Kf1 Kf3 64. Ke1 Nf2 65. Kf1
Bh2 66. Ke1 Ne4 67. Kd1 Ke3 68. Kc2 Be5 69. Kb3 Kd4 70. Kb4 Nd6 71. Ka5 Kc5 72.
Ka4 Nc4 73. Kb3 Ne3 74. Ka4 Bc3 75. Kb3 Bd2 76. Ka4 0-1

[Event "Kandidatklassen"]
[Site "DM2013"]
[Round "5"]
[White "Martin Matthiesen"]
[Black "Nikolaj Palm"]
[Result "0-1"]
[Date "30.03.2013"]
[WhiteElo "2271"]
[BlackElo "2319"]
[Input "DGT1185"]
[Board "game_5"]

1.d4 d5 2.c4 e6 3.Nc3 c6 4.Nf3 Nf6 5.Bg5 Be7 6.e3 Nbd7 7.Bd3 O-O 8.O-O Re8
9.Qc2 h6 10.Bh4 a6 11.cxd5 exd5 12.Bg3 Nf8 13.h3 g6 14.Rac1 Nh5 15.Bh2 Ng7
16.Qb3 Bd6 17.Bxd6 Qxd6 18.Na4 Rb8 19.Nb6 Bf5 20.Be2 Re7 21.Rfe1 Rbe8 22.
Bf1 g5 23.Qc3 Ng6 24.b4 Qf6 25.Nd2 h5 26.a4 Ne6 27.Nb3 g4 28.hxg4 hxg4 29.
b5 axb5 30.axb5 Kg7 31.bxc6 Rh8 32.g3 Be4 0-1

[Event "Kandidatklassen"]
[Site "DM2013"]
[Round "5"]
[White "Sandi Stojanovski"]
[Black "Bo Jacobsen"]
[Result "1/2-1/2"]
[Date "30.03.2013"]
[WhiteElo "2262"]
[BlackElo "2306"]
[Input "DGT1179"]
[Board "game_6"]

1.d4 Nf6 2.c4 c5 3.Nf3 cxd4 4.Nxd4 g6 5.Nc3 Bg7 6.e4 d6 7.Be2 Nc6 8.Be3 
O-O 9.O-O Bd7 10.Qd2 Rc8 11.f3 Nxd4 12.Bxd4 a5 13.Kh1 Bc6 14.Rac1 Nd7 15.
Bxg7 Kxg7 16.f4 Qb6 17.Bg4 e6 18.b3 Qc5 19.Rcd1 Nf6 20.Bf3 Rcd8 21.Qe2 h5 
22.Rd3 e5 23.Qd2 Rd7 24.f5 a4 25.fxg6 fxg6 26.Rd1 Ng4 27.Bxg4 hxg4 28.Qe3 
Rdf7 29.Qxc5 dxc5 30.Kg1 Rf4 31.bxa4 Kh6 32.Re3 Rf2 33.h3 Rc2 34.Rf1 Rd8 
35.Rf2 Rc1+ 36.Kh2 Rd4 37.Ne2 Re1 38.hxg4 Rxc4 39.Rh3+ Kg5 40.Ng1 Bxe4 41.
Nf3+ Bxf3 42.gxf3 Rcc1 43.Kg3 Rg1+ 44.Rg2 Rxg2+ 45.Kxg2 Kf4 46.Rh7 Rc2+ 
47.Kh3 Kxf3 48.Rf7+ Ke3 49.Rxb7 c4 50.Rc7 e4 51.a5 Rxa2 52.Rxc4 Rxa5 53.
Rc6 g5 54.Kg3 Re5 55.Ra6 Kd3 56.Ra3+ 1/2-1/2

[Event "Kandidatklassen"]
[Site "DM2013"]
[Round "5"]
[White "Bjarke Jensen"]
[Black "Tommy Schmidt"]
[Result "1/2-1/2"]
[Date "30.03.2013"]
[WhiteElo "2288"]
[BlackElo "2195"]
[Input "DGT1186"]
[Board "game_4"]

1.e4 e5 2.Nf3 Nc6 3.Bb5 a6 4.Ba4 Nf6 5.O-O Be7 6.Bxc6 dxc6 7.Nxe5 Nxe4 8.
Re1 Nf6 9.Qe2 Be6 10.d3 Nd7 11.Nc3 Nxe5 12.Qxe5 O-O 13.Ne4 Bd6 14.Qh5 Qd7 
15.Bd2 Bf5 16.Bc3 Bg6 17.Qg5 Be7 18.Qf4 Rae8 19.Re3 f6 20.Rae1 Bd6 21.Nxd6
cxd6 22.h4 d5 23.g4 h5 24.Rxe8 Rxe8 25.Rxe8+ Qxe8 26.g5 fxg5 27.hxg5 Kh7 
28.Qd4 1/2-1/2

[Event "Kandidatklassen"]
[Site "DM2013"]
[Round "5"]
[White "Niels Nørskov"]
[Black "IM Tobias B. Christensen"]
[Result "1/2-1/2"]
[Date "30.03.2013"]
[WhiteElo "2261"]
[BlackElo "2362"]
[Input "DGT4208"]
[Board "game_3"]

1.e4 c6 2.d4 d5 3.e5 c5 4.dxc5 Nc6 5.Bb5 e6 6.Be3 Ne7 7.c3 Bd7 8.Bxc6 Nxc6
9.Nf3 Qc7 10.Bd4 Nxd4 11.cxd4 b6 12.cxb6 Qxb6 13.O-O Qxb2 14.Nbd2 Be7 15.
Qc1 Qxc1 16.Rfxc1 Rc8 17.Rxc8+ Bxc8 18.Rc1 Kd7 19.Nb3 Ba6 20.Nc5+ Bxc5 21.
Rxc5 Rb8 22.h4 Bc4 23.Ng5 Rb1+ 24.Kh2 Rd1 25.Nxf7 Rxd4 26.Kg3 Rd3+ 27.f3 
Ra3 28.Nd6 Bd3 29.Rc8 Rxa2 30.Rg8 g6 31.Kf4 a5 32.Nb7 Bc4 33.Ra8 d4 34.Ra7
Bd5 35.Nxa5+ Kc8 36.Nc6 Rxg2 37.Nxd4 h6 38.Rh7 g5+ 39.hxg5 hxg5+ 40.Ke3 g4
41.fxg4 Rxg4 42.Rh5 Rg3+ 43.Kf4 Rd3 44.Nb5 Rf3+ 45.Kg5 Rf2 46.Nd6+ Kd7 47.
Rh7+ Kc6 48.Rf7 Rh2 49.Kf6 Rh6+ 50.Kg5 Rh3 51.Kf6 Kc5 52.Rc7+ Kb4 53.Rc1 
Rh5 54.Rc8 Rh6+ 1/2-1/2

[Event "Kandidatklassen"]
[Site "DM2013"]
[Round "5"]
[White "Martin Percivaldi"]
[Black "Jacob Carstensen"]
[Result "1-0"]
[Date "30.03.2013"]
[WhiteElo "2067"]
[BlackElo "2385"]
[Input "DGT932"]
[Board "game_1"]

1.d4 Nf6 2.c4 e6 3.g3 c5 4.d5 exd5 5.cxd5 b5 6.e4 Nxe4 7.Qe2 Qe7 8.Bg2 Nd6
9.Be3 Na6 10.Nc3 g6 11.a4 b4 12.Nb5 Kd8 13.Nxd6 Qxd6 14.Bf4 Qf6 15.Be5 Bg7
16.Bxf6+ Bxf6 17.Qd2 c4 18.Ne2 Nc5 19.O-O Rb8 20.Qf4 1-0

[Event "Kandidatklassen"]
[Site "DM2013"]
[Round "5"]
[White "IM Jens Ove Fries Nielsen"]
[Black "Jakob Aabling-Thomsen"]
[Result "0-1"]
[Date "30.03.2013"]
[WhiteElo "2369"]
[BlackElo "2341"]
[Input "DGT4472"]
[Board "game_2"]

1.d4 Nf6 2.Bf4 d6 3.Nc3 c6 4.e4 Qa5 5.e5 dxe5 6.dxe5 Nd5 7.Bd2 Bf5 8.Nb5 
Qd8 9.Nd4 e6 10.Nxf5 exf5 11.Qf3 g6 12.O-O-O Bg7 13.c4 Nc7 14.Bb4 Nd7 15.
h4 Ne6 16.Qe2 Qb6 17.Bd6 O-O-O 18.Nf3 Ndc5 19.Qc2 Ne4 20.c5 N6xc5 21.Bc4 
Ne6 22.Rhf1 Rd7 23.Rd3 N6c5 24.Bxc5 Nxc5 25.Rxd7 Nxd7 26.Re1 f6 27.Be6 
fxe5 28.Rd1 Rd8 29.Qd2 Qc5+ 30.Qc2 Qe7 31.Qc4 e4 32.Ng5 Bh6 33.f4 Bxg5 34.
hxg5 Kc7 35.b4 Nb6 36.Qb3 Rxd1+ 37.Kxd1 Qd6+ 38.Ke2 Nd5 39.Bxd5 Qxd5 40.
Qb2 Qd3+ 41.Kf2 e3+ 42.Kg1 Qe4 43.Qg7+ Kb6 44.Qd7 e2 0-1

[Event "Kandidatklassen"]
[Site "DM2013"]
[Round "6"]
[White "Jacob Carstensen"]
[Black "Jesper Søndergaard Thybo"]
[Result "1-0"]
[Date "31.03.2013"]
[WhiteElo "2385"]
[BlackElo "2062"]
[Input "DGT932"]
[Board "game_1"]

1.d4 Nf6 2.c4 g6 3.Nc3 d5 4.Qb3 dxc4 5.Qxc4 Bg7 6.Bf4 Na6 7.e4 O-O 8.Rd1 
c5 9.d5 Bg4 10.f3 Bd7 11.Qb3 Qb6 12.Qxb6 axb6 13.a3 e6 14.Bd6 Rfd8 15.Be7 
Re8 16.d6 Bc6 17.Nh3 Nd7 18.Rc1 b5 19.Nxb5 Bxb2 20.Rb1 Bf6 21.Bxf6 Nxf6 
22.Nf2 Red8 23.Be2 Ne8 24.e5 f6 25.f4 fxe5 26.fxe5 Bxg2 27.Rg1 Bc6 28.Ng4 
Ng7 29.Rb3 Nh5 30.Bc4 Nf4 31.Rf1 g5 32.Nf6+ Kh8 33.Rxf4 gxf4 34.Rh3 Rd7 
35.Nxd7 Bxd7 36.Bd3 c4 37.Rxh7+ Kg8 38.Rxd7 cxd3 39.Rxb7 Nc5 40.Rc7 Na6 
41.Rc3 Rb8 42.d7 1-0

[Event "Kandidatklassen"]
[Site "DM2013"]
[Round "6"]
[White "Nikolaj Palm"]
[Black "IM Jens Ove Fries Nielsen"]
[Result "0-1"]
[Date "31.03.2013"]
[WhiteElo "2319"]
[BlackElo "2369"]
[Input "DGT4472"]
[Board "game_2"]

1.d4 d6 2.e4 c6 3.Nc3 Qb6 4.Bc4 Nf6 5.e5 d5 6.Bb3 Ng8 7.Nge2 Bf5 8.O-O e6 
9.Ng3 Bg6 10.Nce2 Nd7 11.c4 Ne7 12.Nf4 dxc4 13.Bxc4 Nd5 14.Nxd5 cxd5 15.
Be2 Nb8 16.f4 Nc6 17.Be3 Qxb2 18.f5 Qc3 19.Rf3 exf5 20.Rc1 Qa5 21.Nxf5 
Bxf5 22.Rxf5 Be7 23.Qb3 Bb4 24.Rcf1 O-O 25.R1f3 Rac8 26.Rh5 Ne7 27.Rfh3 
Bd2 28.Kf2 Ng6 29.Rxh7 Rc1 30.R7h5 Bxe3+ 31.Qxe3 Qe1+ 32.Kf3 f6 33.e6 Rc3 
34.Bd3 Rxd3 35.Qxd3 Ne5+ 36.dxe5 fxe5+ 37.Kg4 Qb4+ 38.Kg5 Qf4+ 39.Kg6 Qf6#
0-1

[Event "Kandidatklassen"]
[Site "DM2013"]
[Round "6"]
[White "IM Tobias B. Christensen"]
[Black "Bjarke Jensen"]
[Result "0-1"]
[Date "31.03.2013"]
[WhiteElo "2362"]
[BlackElo "2288"]
[Input "DGT4208"]
[Board "game_3"]

1.d4 d5 2.c4 c6 3.Nf3 Nf6 4.Nc3 dxc4 5.a4 Bf5 6.Nh4 e6 7.Nxf5 exf5 8.Bg5 
Bb4 9.Bxf6 Qxf6 10.e3 c5 11.Bxc4 Nc6 12.O-O cxd4 13.exd4 O-O 14.Nd5 Qd6 
15.Qb3 Rad8 16.Rfd1 g6 17.Qh3 Kg7 18.Qh4 Rfe8 19.f3 Ba5 20.Kh1 Rd7 21.Rac1
a6 22.Rd3 Nb4 23.Nxb4 Qxb4 24.d5 Bd8 25.Qf2 Bg5 26.f4 Bxf4 27.Rb3 Qxb3 28.
Bxb3 Bxc1 29.g3 Be3 30.Qe1 Re4 31.Qc3+ Bd4 32.Qc8 Rde7 33.Bc4 Be5 34.b3 b5
35.axb5 axb5 36.Bxb5 Rc7 37.Qa6 Rc1+ 38.Kg2 Rc2+ 39.Kf3 Bd4 40.g4 Rf2+ 0-1

[Event "Kandidatklassen"]
[Site "DM2013"]
[Round "6"]
[White "Jakob Aabling-Thomsen"]
[Black "Sandi Stojanovski"]
[Result "1/2-1/2"]
[Date "31.03.2013"]
[WhiteElo "2341"]
[BlackElo "2262"]
[Input "DGT1186"]
[Board "game_4"]

1.d4 Nf6 2.Nc3 d5 3.Bg5 Nbd7 4.Qd3 e6 5.e4 dxe4 6.Nxe4 Be7 7.Nxf6+ Bxf6 8.
Bxf6 Qxf6 9.O-O-O O-O 10.Nf3 e5 11.Qe3 exd4 12.Rxd4 Nc5 13.Bc4 Be6 14.Rf4 
Qh6 15.g4 Bxc4 16.g5 Qa6 17.Qxc5 Qxa2 18.Re1 Rad8 19.Rd4 Be6 20.b3 Qa1+ 
21.Kd2 Qb2 22.Qc3 Qxc3+ 23.Kxc3 c5 24.Rf4 Bd5 25.Rf5 Bxf3 26.Rxf3 Rd7 27.
Re4 b6 28.Ref4 Re8 29.h4 Re5 30.Kb2 Kf8 31.Ka3 Ke8 32.Kb2 Ree7 33.Kc3 Kd8 
34.Rf5 Kc7 35.h5 Kc6 36.h6 gxh6 37.gxh6 a6 38.Rf6+ Rd6 39.Rxf7 Rxf7 40.
Rxf7 Rxh6 41.Kc4 Kd6 42.Ra7 b5+ 1/2-1/2

[Event "Kandidatklassen"]
[Site "DM2013"]
[Round "6"]
[White "Bo Jacobsen"]
[Black "Jan Nordenbæk Pedersen"]
[Result "1-0"]
[Date "31.03.2013"]
[WhiteElo "2306"]
[BlackElo "2255"]
[Input "DGT1185"]
[Board "game_5"]

1.c4 Nf6 2.g3 e6 3.Bg2 d5 4.Nf3 c5 5.O-O Nc6 6.cxd5 exd5 7.d4 Be7 8.Nc3 
O-O 9.dxc5 Bxc5 10.a3 d4 11.Na4 Bb6 12.b4 Bg4 13.Bb2 Re8 14.Re1 a6 15.Rc1 
Ba7 16.Nc5 Bxc5 17.Rxc5 Ne4 18.Rc4 Nd6 19.Rc1 Nf5 20.Rc5 Qf6 21.Qd3 Rad8 
22.Rd1 g6 23.Rd2 Rd7 24.h3 Bxf3 25.Qxf3 Qe6 26.Qf4 Ne5 27.g4 Nd6 28.Rxd4 
1-0

[Event "Kandidatklassen"]
[Site "DM2013"]
[Round "6"]
[White "Simon Wilbrandt"]
[Black "Jens Østergaard"]
[Result "0-1"]
[Date "31.03.2013"]
[WhiteElo "2046"]
[BlackElo "2273"]
[Input "DGT1179"]
[Board "game_6"]

1.d4 Nf6 2.c4 e6 3.Nc3 d5 4.cxd5 exd5 5.Bg5 Be7 6.e3 O-O 7.Bd3 c6 8.Qc2 
Nbd7 9.Nge2 Re8 10.O-O Nf8 11.Rad1 Be6 12.f3 N6d7 13.Bxe7 Qxe7 14.e4 dxe4 
15.fxe4 f6 16.Kh1 Bf7 17.Ng3 g6 18.Qf2 c5 19.dxc5 Nxc5 20.Nd5 Bxd5 21.exd5
Nxd3 22.Rxd3 Nd7 23.Rd2 Qe3 24.Qxe3 Rxe3 25.Ne2 f5 26.Kg1 Nf6 27.Nf4 Rc8 
28.Rfd1 g5 29.Ne6 h6 30.h3 Kf7 31.Nd4 Kg6 32.Nc2 Re4 33.Na3 a6 34.b3 b5 
35.Nc2 Nxd5 36.Ne1 Nf6 37.Kf2 Rce8 38.Nd3 Rc8 39.Kf3 Rc3 40.g4 f4 41.Re2 
Rd4 42.Red2 Ne4 43.Rc2 Rxc2 44.Ne5+ Kf6 45.Rxd4 Nd2+ 46.Ke2 Nxb3+ 0-1

[Event "Kandidatklassen"]
[Site "DM2013"]
[Round "6"]
[White "Mads Hansen"]
[Black "Martin Haubro"]
[Result "1-0"]
[Date "31.03.2013"]
[WhiteElo "2309"]
[BlackElo "2186"]
[Input "DGT1182"]
[Board "game_7"]

1.c4 e5 2.g3 d6 3.Nc3 Be7 4.Bg2 c6 5.e4 f5 6.d3 Nf6 7.Nge2 Be6 8.exf5 Bxf5
9.h3 h5 10.d4 Qc8 11.Bg5 Nbd7 12.Qd2 O-O 13.Rd1 Rf7 14.b3 Nf8 15.h4 N8h7 
16.O-O Bg4 17.Be3 Bh3 18.f3 Bxg2 19.Kxg2 Qc7 20.Ng1 Raf8 21.Nh3 Nd7 22.Ne4
Rf5 23.Rde1 exd4 24.Bxd4 Ne5 25.Bxe5 Rxe5 26.Nf4 Rf7 27.Nf2 Ref5 28.N2h3 
Nf8 29.Re4 Qa5 30.Rd1 Nd7 31.Ng6 Qxd2+ 32.Rxd2 Bf8 33.Ng5 R7f6 34.Ne7+ 
Bxe7 35.Rxe7 Nf8 36.Rxb7 Ra5 37.Ne4 1-0

[Event "Kandidatklassen"]
[Site "DM2013"]
[Round "6"]
[White "Thomas Schou-Moldt"]
[Black "Martin Matthiesen"]
[Result "1/2-1/2"]
[Date "31.03.2013"]
[WhiteElo "2229"]
[BlackElo "2271"]
[Input "DGT1181"]
[Board "game_8"]

1.Nf3 Nf6 2.g3 g6 3.Bg2 Bg7 4.O-O O-O 5.d4 d6 6.c4 Nbd7 7.Nc3 e5 8.e4 c6 
9.Rb1 exd4 10.Nxd4 Re8 11.h3 Nc5 12.Re1 a5 13.b3 Qb6 14.Bf4 Bd7 15.Na4 
Nxa4 16.bxa4 Qa7 17.Bxd6 Nxe4 18.Rxe4 Rxe4 19.Bxe4 Bxd4 20.c5 Bf6 21.Kg2 
Re8 22.Bf3 Be6 23.Qd2 Qa8 24.h4 Qc8 25.Kh2 h5 26.Re1 1/2-1/2

[Event "Kandidatklassen"]
[Site "DM2013"]
[Round "6"]
[White "Jacob Høyer"]
[Black "Niels Nørskov"]
[Result "1/2-1/2"]
[Date "31.03.2013"]
[WhiteElo "2154"]
[BlackElo "2261"]
[Input "DGT5654"]
[Board "game_9"]

1.d4 Nf6 2.c4 e6 3.Nf3 c5 4.d5 exd5 5.cxd5 d6 6.Nc3 g6 7.g3 Bg7 8.Bg2 O-O 
9.O-O Re8 10.a4 Ne4 11.Nxe4 Rxe4 12.Qc2 Re8 13.e4 Nd7 14.Bf4 Nf6 15.Rfe1 
Bg4 16.h3 Bxf3 17.Bxf3 Qc7 18.Rad1 Nd7 19.Bg2 Rac8 20.b3 Ne5 21.Be3 c4 22.
bxc4 Qxc4 23.Qxc4 Rxc4 24.f4 Nd7 25.Bxa7 Rxa4 26.Bf2 Rc8 27.Rc1 Rxc1 28.
Rxc1 Ra1 29.Rxa1 Bxa1 30.Bf1 Kf8 31.Kg2 Ke7 32.Kf3 Bc3 33.g4 f6 34.h4 h6 
35.Bb5 Nc5 36.h5 g5 37.e5 gxf4 38.Bxc5 dxc5 39.d6+ Ke6 40.d7 Ba5 41.exf6 
Kxf6 1/2-1/2

[Event "Kandidatklassen"]
[Site "DM2013"]
[Round "6"]
[White "Peter Thorsbro"]
[Black "Mogens Thuesen"]
[Result "0-1"]
[Date "31.03.2013"]
[WhiteElo "2226"]
[BlackElo "2261"]
[Input "DGT5655"]
[Board "game_10"]

1.d4 Nf6 2.c4 c5 3.d5 e5 4.Nc3 d6 5.e4 Be7 6.Bd3 Nbd7 7.Nge2 a6 8.Ng3 Nf8 
9.Nf1 Ng6 10.g3 Bh3 11.Ne3 O-O 12.f3 Ne8 13.Bf1 Qc8 14.Qe2 Bd8 15.Bd2 Bd7 
16.h4 Ba5 17.h5 Ne7 18.g4 b5 19.Qh2 Nc7 20.Nf5 Nxf5 21.gxf5 Bxf5 22.exf5 
Qxf5 23.Qg3 Qc2 24.Rc1 Qxb2 25.Bd3 Bxc3 26.Rxc3 f5 27.Rg1 Ne8 28.Qg5 b4 
29.Rb3 Qxa2 30.Bxf5 Qxb3 31.Be6+ Kh8 32.f4 Qb1+ 33.Kf2 Qc2 34.Ke1 Ra7 35.
h6 exf4 36.Bxf4 b3 37.Rg2 Qe4+ 38.Be3 Qxc4 39.Rf2 Rxf2 40.Kxf2 Qc2+ 41.Bd2
b2 42.Qf4 Nf6 0-1

[Event "Kandidatklassen"]
[Site "DM2013"]
[Round "6"]
[White "Tommy Schmidt"]
[Black "Martin Percivaldi"]
[Result "1/2-1/2"]
[Date "31.03.2013"]
[WhiteElo "2195"]
[BlackElo "2067"]
[Input "DGT5655"]
[Board "game_10"]

1.Nf3 d5 2.c4 c6 3.e3 Nf6 4.Nc3 e6 5.b3 Nbd7 6.Qc2 Bd6 7.Bb2 O-O 8.Be2 b6 
9.O-O Bb7 10.d4 Qe7 11.Rad1 Rac8 12.e4 dxe4 13.Nxe4 Nxe4 14.Qxe4 Nf6 15.
Qc2 c5 16.dxc5 Bxc5 17.Ng5 e5 18.Bd3 h6 19.Ne4 Nxe4 20.Bxe4 Bxe4 21.Qxe4 
f6 22.Rd5 Rcd8 23.Rfd1 Rxd5 24.Qxd5+ Qf7 25.Kf1 Qxd5 26.Rxd5 Re8 27.g4 Kf7
28.Ke2 Ke6 29.f3 h5 30.g5 Kf5 31.Rd7 Re7 32.Rxe7 1/2-1/2

[Event "Kandidatklassen"]
[Site "DM2013"]
[Round "6"]
[White "Mads-Holger Bang Jacobsen"]
[Black "Henrik E. Bruun"]
[Result "1-0"]
[Date "31.03.2013"]
[WhiteElo "2026"]
[BlackElo "2047"]
[Input "DGT5655"]
[Board "game_10"]

1.c4 g6 2.Nc3 Bg7 3.d4 d6 4.Nf3 Nf6 5.e4 O-O 6.Be2 c5 7.d5 a6 8.O-O b5 9.
Qc2 bxc4 10.Bxc4 Nfd7 11.Bf4 Nb6 12.Be2 Bg4 13.Rad1 N8d7 14.Rfe1 Qc7 15.
Nb1 Bxf3 16.Bxf3 Ne5 17.Be2 Rfc8 18.Na3 Qb7 19.Be3 Ned7 20.b3 Nf6 21.f4 
Qc7 22.Kh1 e6 23.dxe6 fxe6 24.Nc4 Nxc4 25.Bxc4 Re8 26.b4 Kh8 27.bxc5 dxc5 
28.Be2 Rab8 29.Bf3 c4 30.Rc1 Rec8 31.Be2 Qa5 32.Bd4 Rc6 33.Be5 Rbc8 34.Bf3
Rb6 35.Re3 h5 36.Rc3 Rb4 37.Be2 Kh7 38.Bxf6 Bxf6 39.e5 Be7 40.Bxh5 Rg8 41.
Bxg6+ Kg7 42.Bh7 Bf8 43.Qg6+ Kh8 44.Qxg8# 1-0

[Event "Kandidatklassen"]
[Site "DM2013"]
[Round "6"]
[White "Peter Willer Svendsen"]
[Black "Rasmus Thøgersen"]
[Result "0-1"]
[Date "31.03.2013"]
[WhiteElo "2027"]
[BlackElo "1953"]
[Input "DGT5655"]
[Board "game_10"]

1.d4 Nf6 2.c4 g6 3.Nc3 Bg7 4.e4 d6 5.Nf3 O-O 6.Be2 e5 7.O-O Nc6 8.d5 Ne7 
9.Ne1 Nd7 10.Be3 f5 11.f3 f4 12.Bf2 g5 13.Nd3 Rf6 14.c5 Rh6 15.Rc1 Qe8 16.
Kh1 Qh5 17.Bg1 Nf6 18.cxd6 cxd6 19.Nb5 Qg6 20.Bf2 g4 21.Nxd6 Rxh2+ 22.Kxh2
g3+ 23.Kg1 Qh5 24.Rxc8+ Nxc8 25.Re1 Nxd6 26.Bc5 Qh2+ 27.Kf1 Qh1+ 28.Bg1 
Nc4 29.Qc1 Ne3+ 30.Qxe3 fxe3 31.Nxe5 Nxe4 32.fxe4 Bxe5 33.Bf3 Rc8 0-1

[Event "Kandidatklassen"]
[Site "DM2013"]
[Round "6"]
[White "Thomine Stolberg-Rohr"]
[Black "Jens Albert Ramsdal"]
[Result "0-1"]
[Date "31.03.2013"]
[WhiteElo "2044"]
[BlackElo "1986"]
[Input "DGT5655"]
[Board "game_10"]

1.e4 c5 2.Nc3 Nc6 3.g3 g6 4.Bg2 Bg7 5.Nf3 e6 6.O-O Nge7 7.d3 O-O 8.Be3 d6 
9.Qd2 Nd4 10.Rae1 Nec6 11.Nd1 Rb8 12.Nh4 Ne5 13.c3 Ndc6 14.h3 c4 15.d4 Nd3
16.Re2 e5 17.dxe5 dxe5 18.Bh6 Be6 19.Bxg7 Kxg7 20.Nf3 Qf6 21.Qg5 b5 22.Ne3
b4 23.Qxf6+ Kxf6 24.Nd5+ Kg7 25.Ng5 bxc3 26.Nxe6+ fxe6 27.Nxc3 Nd4 28.Rd2 
Rxb2 29.Rxb2 Nxb2 30.Rb1 Nd3 31.Rb7+ Kh6 32.Nd1 Ne2+ 33.Kh1 Nxf2+ 34.Nxf2 
Rxf2 35.Rxa7 c3 36.Rc7 c2 0-1

[Event "Kandidatklassen"]
[Site "DM2013"]
[Round "7"]
[White "Jacob Høyer"]
[Black "Jacob Carstensen"]
[Result "0-1"]
[Date "31.03.2013"]
[WhiteElo "2154"]
[BlackElo "2385"]
[Input "DGT932"]
[Board "game_1"]

1.d4 Nf6 2.c4 e6 3.g3 d5 4.Bg2 Nc6 5.Nf3 dxc4 6.Qa4 Bb4+ 7.Bd2 Nd5 8.Bxb4 
Nxb4 9.a3 b5 10.Qxb5 Nc2+ 11.Kd2 Bd7 12.Kxc2 Nxd4+ 13.Nxd4 Bxb5 14.Nxb5 
Rb8 15.Bc6+ Kf8 16.Nd2 a6 17.Nc3 Rxb2+ 18.Kxb2 Qxd2+ 19.Kb1 Qxc3 20.Ra2 
Ke7 21.Rb2 Qxa3 22.Rd1 Rd8 0-1

[Event "Kandidatklassen"]
[Site "DM2013"]
[Round "7"]
[White "IM Jens Ove Fries Nielsen"]
[Black "Sandi Stojanovski"]
[Result "1/2-1/2"]
[Date "31.03.2013"]
[WhiteElo "2369"]
[BlackElo "2262"]
[Input "DGT4472"]
[Board "game_2"]

1.d4 Nf6 2.Nc3 c5 3.dxc5 e6 4.e4 Nc6 5.Be3 Qa5 6.Bd3 Bxc5 7.Bxc5 Qxc5 8.
Nf3 d5 9.e5 Nd7 10.Qe2 Nd4 11.Nxd4 Qxd4 12.Nb5 Qxb2 13.O-O O-O 14.f4 Qb4 
15.Rab1 Qe7 16.Nd6 g6 17.c4 b6 18.cxd5 exd5 19.Bc2 Nc5 20.f5 Ba6 21.Qe3 
Bxf1 22.f6 Qc7 23.Rc1 Bc4 24.Qh6 Ne6 25.Bf5 Rad8 26.Rc3 Qc5+ 27.Re3 Rd7 
1/2-1/2

[Event "Kandidatklassen"]
[Site "DM2013"]
[Round "7"]
[White "Jens Albert Ramsdal"]
[Black "IM Tobias B. Christensen"]
[Result "0-1"]
[Date "31.03.2013"]
[WhiteElo "1986"]
[BlackElo "2362"]
[Input "DGT4208"]
[Board "game_3"]

1.e4 c6 2.d4 d5 3.exd5 cxd5 4.Bd3 Nc6 5.c3 Qc7 6.Ne2 e6 7.Bf4 Bd6 8.Bxd6 
Qxd6 9.O-O Nf6 10.Ng3 Bd7 11.Nd2 h5 12.Re1 O-O-O 13.Nf3 h4 14.Nf1 h3 15.g3
Ng4 16.a4 f6 17.Qc2 e5 18.Bf5 e4 19.Bxd7+ Rxd7 20.N3d2 f5 21.Qd1 g5 22.Nb3
Re7 23.Nc5 Nce5 24.dxe5 Qxc5 25.Qd4 b6 26.Red1 Rd8 27.Ne3 Nxe5 28.Qxc5+ 
bxc5 29.Nxd5 Red7 30.Ne3 f4 31.Rxd7 Rxd7 32.Nf1 Nf3+ 33.Kh1 Rb7 34.Rb1 c4 
35.g4 Rb3 0-1

[Event "Kandidatklassen"]
[Site "DM2013"]
[Round "7"]
[White "Bjarke Jensen"]
[Black "Bo Jacobsen"]
[Result "1-0"]
[Date "31.03.2013"]
[WhiteElo "2288"]
[BlackElo "2306"]
[Input "DGT1186"]
[Board "game_4"]

1.e4 e5 2.Nf3 Nc6 3.Bb5 Nf6 4.O-O d6 5.d4 exd4 6.Nxd4 Bd7 7.Bxc6 bxc6 8.
Qf3 c5 9.Nf5 Bxf5 10.exf5 Be7 11.Qc6+ Nd7 12.Nc3 O-O 13.Bf4 Rb8 14.Nd5 Nb6
15.b3 Nxd5 16.Qxd5 Rb6 17.Rad1 c6 18.Qf3 d5 19.c4 d4 20.Qg3 Bh4 21.Qg4 Bf6
22.Rd3 Qd7 23.Rg3 Rd8 24.Bh6 g6 25.Bg5 Qe7 26.Bxf6 Qxf6 27.Rf3 Qe5 28.Qh4 
Rd6 29.Rh3 h5 30.fxg6 fxg6 31.f4 Qf5 32.Rg3 Kf7 33.Rg5 1-0

[Event "Kandidatklassen"]
[Site "DM2013"]
[Round "7"]
[White "Martin Percivaldi"]
[Black "Nikolaj Palm"]
[Result "1/2-1/2"]
[Date "31.03.2013"]
[WhiteElo "2067"]
[BlackElo "2319"]
[Input "DGT1185"]
[Board "game_5"]

1.d4 d5 2.c4 e6 3.Nf3 c6 4.e3 f5 5.Bd3 Nf6 6.O-O Bd6 7.b3 O-O 8.Ba3 b6 9.
Bxd6 Qxd6 10.Qc2 Bb7 11.Nc3 Rc8 12.Qb2 Ne4 13.Rac1 Nd7 14.Rfd1 Qe7 15.Ne2 
Rc7 16.a3 Rac8 17.Rc2 Nd6 18.cxd5 exd5 19.Rdc1 c5 20.Ne5 g6 21.Nxd7 Qxd7 
22.Rc3 c4 23.Bb1 b5 24.b4 Re8 25.f4 Qd8 26.g3 Bc6 27.Kf2 Bd7 28.Ng1 Ne4+ 
29.Bxe4 fxe4 30.Kg2 Qe7 31.Ra1 Ra8 32.Rcc1 Kf7 33.Ne2 a5 34.Nc3 Bc6 35.Na2
Rca7 36.bxa5 Rxa5 37.Nb4 Qd6 38.Kf2 Bd7 39.Ke2 Ra4 40.Kd2 R8a7 41.Kc3 Be6 
42.Ra2 Ke7 43.Rca1 Qd7 44.Qd2 Kd6 45.Kb2 Bh3 46.Rc1 Ra8 47.Qc3 Qg4 48.Raa1
Qe2+ 49.Rc2 Qf3 50.Qe1 h5 51.Rf2 Qg4 52.Rc2 Qd7 53.Rc3 Qa7 54.Nc2 Rg8 55.
Qf2 Qd7 56.Nb4 Raa8 57.Rg1 Qg4 58.Rc2 g5 59.Rgc1 h4 60.Qe1 gxf4 61.gxf4 
Ra4 1/2-1/2